The Oxford classical dictionary. (2nd ed.) (Record no. 53042)

MARC details
000 -LEADER
fixed length control field 00534nam a2200157 a 4500
008 - FIXED-LENGTH DATA ELEMENTS--GENERAL INFORMATION
fixed length control field 120416s1970 ||||||||||||||||| || u
050 ## - LIBRARY OF CONGRESS CALL NUMBER
Classification number DE 5 Oxf
100 ## - MAIN ENTRY--PERSONAL NAME
Personal name Hammond, N. G. L
245 14 - TITLE STATEMENT
Title The Oxford classical dictionary. (2nd ed.)
Statement of responsibility, etc. edited by N. G. L. Hammond
250 ## - EDITION STATEMENT
Edition statement 2nd ed.
260 ## - PUBLICATION, DISTRIBUTION, ETC.
Place of publication, distribution, etc. Oxford
Name of publisher, distributor, etc. Clarendon
Date of publication, distribution, etc. 1970
300 ## - PHYSICAL DESCRIPTION
Extent xxii, 1176p.
350 ## - PRICE (NR) (BK AM CF MU VM SE) [OBSOLETE]
Price 0.00
700 ## - ADDED ENTRY--PERSONAL NAME
Personal name Scullard, H. H
995 ## - RECOMMENDATION 995 [LOCAL, UNIMARC FRANCE]
-- 0.00
-- CBU-MAIN LIBRARY (Kitwe)
-- 1
-- 30.00
-- 1
-- REFERENCE
-- Reference Collection
Holdings
Withdrawn status Lost status Source of classification or shelving scheme Damaged status Not for loan Home library Current library Shelving location Date acquired Total Checkouts Full call number Barcode Date last seen Price effective from Koha item type
          CBU-MAIN LIBRARY, KITWE. CBU-MAIN LIBRARY, KITWE.   11/30/2022   DE 5 Oxf 022323 11/30/2022 11/30/2022 MONOGRAPH